000 01174nam a22003377a 4500
001 252
003 FISKH
005 20230317141953.0
008 230310b cb ||||| |||| 00| 0 eng d
020 _a9780394800295
035 _a(DLC) 2003105525
040 _aDLC
_cDLC
_dDLC
_dFISKH
_beng
042 _alcac
050 0 0 _aPZ8.3.S477
_b1991
082 0 0 _a813.54
_222
100 1 _aGeisel, Theodor Suess
_cDr.
245 1 0 _aHop on Pop /
_cby Dr. Seuss.
260 _aNew York
_bRandom Hose
_c1991
300 _a64 p.
_bcol. ill. ;
_c24 cm.
500 _aOn board pages.
505 _aD
520 _aPairs of rhyming words are introduced and used in simple sentences, such as "Day. Play. We play all day. Night. Fight. We fight all night."
521 8 _a190
_bLexile
521 8 _aD
_bRaz-Plus
650 1 _aStories in rhyme.
830 0 _aBright and early board book.
856 4 2 _3Contributor biographical information
_uhttp://www.loc.gov/catdir/bios/random055/2003105525.html
856 4 2 _3Publisher description
_uhttp://www.loc.gov/catdir/description/random042/2003105525.html
906 _a7
_bcbc
_corignew
_d2
_eepcn
_f20
_gy-gencatlg
942 _2ddc
_cBK
_n0
999 _c252
_d252